LAW OF SALES TAX IN KERALA (Record no. 5906)

MARC details
000 -LEADER
fixed length control field 00306nam a2200121Ia 4500
005 - DATE AND TIME OF LATEST TRANSACTION
control field 20250409181015.0
008 - FIXED-LENGTH DATA ELEMENTS--GENERAL INFORMATION
fixed length control field 250409s9999||||xx |||||||||||||| ||und||
100 ## - MAIN ENTRY--PERSONAL NAME
Personal name CHANDRAMATHI, N.T
245 #0 - TITLE STATEMENT
Title LAW OF SALES TAX IN KERALA
260 ## - PUBLICATION, DISTRIBUTION, ETC.
Name of publisher, distributor, etc. SOORYA CINE PRINTOGRAPHS,
Place of publication, distribution, etc. SIVAKASI:
650 ## - SUBJECT ADDED ENTRY--TOPICAL TERM
Form subdivision Law
942 ## - ADDED ENTRY ELEMENTS (KOHA)
Koha item type BOOK
Holdings
Withdrawn status Lost status Damaged status Not for loan Collection Home library Current library Shelving location Date acquired Total checkouts Full call number Barcode Date last seen Price effective from Koha item type Public note
    Damage   Law St.Dominics College Library St.Dominics College Library Damage 04/09/2025   343.0552 CHA 15952 06/24/2025 04/09/2025 BOOK This is found as Damaged in the Software